Attack on Titan: All Episodes - Statistics

General Stats
  • This quiz has been taken 434 times
  • The average score is 34 of 100
Answer Stats
% Correct
From You, 2000 Years Ago
65%
Hero
64%
Female Titan
63%
That Day
60%
To You, in 2000 Years
60%
Beast Titan
57%
Warrior
57%
Attack Titan
54%
Midnight Sun
53%
The War Hammer Titan
53%
Historia
49%
Two Brothers
49%
Declaration of War
48%
Perfect Game
48%
The Basement
48%
The Other Side of the Sea
47%
The Rumbling
47%
Assault
45%
Scream
45%
Memories of the Future
44%
Soldier
43%
The Other Side of the Wall
43%
Thunder Spears
43%
Children
40%
The Dawn of Humanity
40%
Sin
39%
Assassin's Bullet
38%
Bystander
38%
Traitor
38%
Erwin Smith
37%
Friends
37%
Children of the Forest
36%
Midnight Train
36%
Wall
36%
The World the Girl Saw
35%
I'm Home
34%
The Battle of Heaven and Earth
33%
Brave Volunteers
32%
Smoke Signal
32%
Above and Below
31%
A Dim Light Amid Despair
31%
Charge
31%
Close Combat
31%
Smile
31%
Thaw
31%
The Hunters
31%
Trust
31%
Whereabouts of His Left Arm
31%
First Battle
30%
Opening
30%
Ruler of the Walls
30%
Bite
29%
Descent
29%
I Can Hear His Heartbeat
29%
Night of the Battle to Retake the Wall
29%
Night of the End
29%
Wish
29%
A Choice with No Regrets
28%
Forest of Giant Trees
28%
Mercy
28%
Retrospective
28%
Savagery
28%
The Night of the Closing Ceremony
28%
The Town Where Everything Began
28%
The Wings of Freedom
28%
Outside the Walls of Orvud District
27%
Pride
27%
Sneak Attack
27%
Southwestward
27%
A Sound Argument
26%
Pain
26%
Reply
26%
Sole Salvation
26%
A Long Dream
25%
Crushing Blow
25%
From One Hand to Another
25%
Idol
25%
Small Blade
25%
Sunset
25%
The Defeated
25%
The Door of Hope
25%
Toward the Tree on That Hill
25%
Wound
25%
Dedicate Your Heart
24%
Old Story
24%
Primal Desire
24%
Special Operations Squad
24%
Judgment
23%
Deceiver
22%
Guides
22%
Can't Look into His Eyes Yet
21%
Ilse’s Notebook Ilse's Notebook: Notes from a Scout Regiment Member
21%
What Needs to be Done Now
21%
Response
20%
Distress
19%
Wall Sina, Goodbye
18%
Lost in the cruel world
16%
In the Depths of Despair
15%
A Sudden Visitor A Sudden Visitor: The Torturous Curse of Adolescence
14%
No matching quizzes found
Score Distribution
Percent of People with Each Score
Percentile by Number Answered
Your Score History
You have not taken this quiz